000
00278nam a22001337a 4500
008
171018b xxu||||| |||| 00| 0 eng d
020
_a
0030037573
041
_a
eng
080
_a
338
100
_a
53
101
_a
MEN
245
_a
MANAGEMENT
_c
BEDEIAN,A.G
942
_2
udc
_c
BK
999
_c
34742
_d
34742